000 01040nam a2200313 a 4500
008
020 _a0125070632 (hardback)
040 _aNUST
_cNUST
049 _aMAIN
090 _aQC611
_bADV
245 1 0 _aAdvanced semiconductor and organic nono-techniques part III :
_bphysics and technology of molecular and biotechnology systems/
_cedited by Hadis Morkoc.
260 _aAmsterdam :
_bAcademic Press,
_c2003.
300 _axx, 555 pages :
_billustrations ;
_c24 cm.
336 _atext
_btxt
_2rdacontent
337 _aunmediated
_bn
_2rdamedia
338 _avolume
_bnc
_2rdacarrier
500 _aIncludes index.
504 _aIncludes bibliographical references.
650 1 _aNanotechonology.
650 _aNanoparticles.
650 _aSemiconductors.
650 _aNanostructured materials.
650 _aOptoelectronics.
700 _aMorkoc, Hadis.,
_aeditor.
907 _a.b10412062
_b01-11-21
_c01-11-21
003
005 20230123141228.0
942 _cBOOKS
_kQC611
_mADV
999 _c169896
_d169896